000 00868nam a2200241Ia 4500
001 9780
003 GE_BSU
008 181216s||||||||xx |||||||||||||| ||und||
020 _a9789941059124
040 _cGE_BSU
080 _a821.353.1–1
100 _aგავაშელაშვილი,თამარ
245 _aსიყვარულის ნაპერწკლები
245 _bლექსები,ჩანახატები
245 _cრედ.დარინა ყურუა
260 _aთბილისი
260 _bსაგამომცემლო ცენტრი
260 _c2013
300 _a448გვ.ფოტოები.21სმ.
653 _aლექსები,ჩანახატები
653 _aსიყვარულის ნაპერწკლები
942 _cBK
999 _c43060
_d43060